Biblioteca y Centro de Documentación

Do tax-benefit packages treat families in the same manner when unemployment strikes? (Registro nro. 44911)

Detalles MARC
000 -CABECERA
Longitud fija campo de control 01231naa a2200337 4500
001 - NÚMERO DE CONTROL
Número de control 44911
003 - IDENTIFICADOR DE NÚMERO DE CONTROL
Identificador del número de control ES-MaCES
005 - FECHA Y HORA DE LA ÚLTIMA TRANSACCIÓN
Fecha y hora de la última transacción 20141221114219.0
008 - CAMPO FIJO DE DESCRIPCIÓN FIJA--INFORMACIÓN GENERAL
Códigos de información de longitud fija   000000s2013 be ||||| t||||||| ||eng d
040 ## - FUENTE DE CATALOGACIÓN
Centro catalogador de origen ES-MaCES
Lengua de catalogación spa
Centro transcriptor ES-MaCES
100 1# - ENCABEZAMIENTO PRINCIPAL--NOMBRE PERSONAL
9 (RLIN) 35072
Nombre de persona Freundt, Anders
245 10 - MENCIÓN DE TÍTULO
Título Do tax-benefit packages treat families in the same manner when unemployment strikes?
Mención de responsabilidad, etc. Anders Freundt, Simon Grundt Straubinger and Jon Kvist
500 ## - NOTA GENERAL
Nota general Resumen
504 ## - NOTA DE BIBLIOGRAFÍA, ETC.
Nota de bibliografía, etc. Bibliografía: p. 398-402
650 #4 - ASIENTO SECUNDARIO DE MATERIA--TÉRMINO DE MATERIA
9 (RLIN) 27038
Término de materia o nombre geográfico como elemento inicial prestaciones familiares
650 #4 - ASIENTO SECUNDARIO DE MATERIA--TÉRMINO DE MATERIA
9 (RLIN) 29076
Término de materia o nombre geográfico como elemento inicial protección social
650 #4 - ASIENTO SECUNDARIO DE MATERIA--TÉRMINO DE MATERIA
9 (RLIN) 27318
Término de materia o nombre geográfico como elemento inicial familia
650 #4 - ASIENTO SECUNDARIO DE MATERIA--TÉRMINO DE MATERIA
9 (RLIN) 28308
Término de materia o nombre geográfico como elemento inicial desempleo
650 #4 - ASIENTO SECUNDARIO DE MATERIA--TÉRMINO DE MATERIA
9 (RLIN) 29849
Término de materia o nombre geográfico como elemento inicial economía del bienestar
650 #4 - ASIENTO SECUNDARIO DE MATERIA--TÉRMINO DE MATERIA
9 (RLIN) 27062
Término de materia o nombre geográfico como elemento inicial cuidado infantil
650 #4 - ASIENTO SECUNDARIO DE MATERIA--TÉRMINO DE MATERIA
9 (RLIN) 26944
Término de materia o nombre geográfico como elemento inicial Alemania
650 #4 - ASIENTO SECUNDARIO DE MATERIA--TÉRMINO DE MATERIA
9 (RLIN) 26938
Término de materia o nombre geográfico como elemento inicial Dinamarca
650 #4 - ASIENTO SECUNDARIO DE MATERIA--TÉRMINO DE MATERIA
9 (RLIN) 26967
Término de materia o nombre geográfico como elemento inicial Reino Unido
650 #4 - ASIENTO SECUNDARIO DE MATERIA--TÉRMINO DE MATERIA
9 (RLIN) 26957
Término de materia o nombre geográfico como elemento inicial Países Bajos
653 10 - TÉRMINO DE INDEXACIÓN--NO CONTROLADO
Término no controlado Seguridad Social
700 1# - ENCABEZAMIENTO SECUNDARIO--NOMBRE PERSONAL
9 (RLIN) 35073
Nombre de persona Grundt Straubinger, Simon
700 1# - ENCABEZAMIENTO SECUNDARIO--NOMBRE PERSONAL
9 (RLIN) 16002
Nombre de persona Kvist, Jon
773 0# - ENTRADA DE DOCUMENTO FUENTE
Itemnumber del ítem fuente 81162
Lugar, editor y fecha de publicación Mortsel Intersentia 1999-
Otro identificador del documento 084069
Título European journal of social security
Número de control del registro relacionado (ES-MaCES)44226
Parte(s) relacionada(s) vol. 15, no. 4 (Dec. 2013) {55/1120 R. 084069} ;p. 380-402
902 ## - CES. TIPO DE DOCUMENTO
Tipodoc (006$c Sirtex) ART Artículo de revista
942 ## - ELEMENTOS KOHA
Fuente de clasificaión o esquema Clasificación propia del CES
Koha [por defecto] tipo de item Artículos (1982-2017)
Parte de clasificación Seguridad social

No hay ítems disponibles.

© CES, Consejo Económico y Social de España 2021